Central Library OPAC University of Rajshahi

أحاديث صريحة مع اخواننا العرب والمسلمين :'ahadith sarihat mae akhwanina alearab walmuslimin : (Record no. 81068)

MARC details
000 -LEADER
fixed length control field 01187nam a2200205 a 4500
001 - CONTROL NUMBER
control field 81068
003 - CONTROL NUMBER IDENTIFIER
rucl marc code BD-RjUL
005 - DATE AND TIME OF LATEST TRANSACTION
control field 20230114170715.0
008 - FIXED-LENGTH DATA ELEMENTS--GENERAL INFORMATION
fixed length control field 110626s1985 ua 000 0 ara d
035 ## - SYSTEM CONTROL NUMBER
System control number (BD-RjUL)81068
040 ## - CATALOGING SOURCE
Original cataloging agency NNL
Language of cataloging ara
Transcribing agency BD-RjUL
041 0# - LANGUAGE CODE
Language code of text/sound track or separate title ara
082 ## - DEWEY DECIMAL CLASSIFICATION NUMBER
Edition number 23
Classification number 297
Author mark and year NAA 1985
100 1# - MAIN ENTRY--PERSONAL NAME
Personal name الندوي، ابو الحسن علي، Al-Nadawi, Abu Al-Hassan Ali.
Dates associated with a name 1913-1999
9 (RLIN) 6389
245 10 - TITLE STATEMENT
Title أحاديث صريحة مع اخواننا العرب والمسلمين :'ahadith sarihat mae akhwanina alearab walmuslimin :
Remainder of title أحاديث أخوية صريحة، ونقد مخلص هادف لواقع العرب والمسلمين وتذكير لهم بمركزهم الدعوى القيادى، وواجبهم نحو أنفسهم والعالم المعاصر /'ahadith 'akhawiat sarihatun, wanaqd mukhlis hadif liwaqie alearab walmuslimin watadhkir lahum bimarkazihim aldaewaa alqiadaa, wawajibuhum nahw 'anfusihim walealam almueasir /
Statement of responsibility, etc. أبو الحسن الندوى.Abu Al-Hassan Al-Nadwa.
260 ## - PUBLICATION, DISTRIBUTION, ETC. (IMPRINT)
Place of publication, distribution, etc. [Hind] :
Name of publisher, distributor, etc. دار عرافات،
Date of publication, distribution, etc. ١٩٨٥م ١٤٠٥هج.
300 ## - PHYSICAL DESCRIPTION
Pagination 110 ص.
Size 22 cm
650 #4 - SUBJECT ADDED ENTRY--TOPICAL TERM
Topical term or geographic name as entry element Islam
Chronological subdivision 20th century
9 (RLIN) 840
942 ## - ADDED ENTRY ELEMENTS (KOHA)
Source of classification or shelving scheme Dewey Decimal Classification
Koha item type Books
Holdings
Lost status Source of classification or shelving scheme Damaged status Not for loan Collection code Permanent Location Current Location Shelving location Date acquired Source of acquisition Cost, normal purchase price Total Checkouts Full call number Date last seen Copy number Koha item type
  Dewey Decimal Classification   Not For Loan Non-fiction Central Library, University of Rajshahi Central Library, University of Rajshahi Reading Room 29/04/1992 Abacas books, London 0.66   A 297 NAA 1985 14/01/2023 C-1 Books